| 000 -LEADER |
| fixed length control field |
00996nam a2200229Ia 4500 |
| 001 - CONTROL NUMBER |
| control field |
5985 |
| 003 - CONTROL NUMBER IDENTIFIER |
| control field |
GE_BSU |
| 005 - DATE AND TIME OF LATEST TRANSACTION |
| control field |
20221031161639.0 |
| 008 - FIXED-LENGTH DATA ELEMENTS--GENERAL INFORMATION |
| fixed length control field |
181216s2003ru xx |||||||||||||| ||rus|| |
| 040 ## - CATALOGING SOURCE |
| Transcribing agency |
GE_BSU |
| 041 ## - LANGUAGE CODE |
| Language code of text/sound track or separate title |
rus |
| Language code of original |
ge |
| 080 ## - UNIVERSAL DECIMAL CLASSIFICATION NUMBER |
| Universal Decimal Classification number |
622.24 В-18 |
| 100 ## - MAIN ENTRY--PERSONAL NAME |
| Personal name |
Варшаломидзе,Г.Х. |
| 9 (RLIN) |
15675 |
| 245 ## - TITLE STATEMENT |
| Title |
Проблемы механики бурения нефтяных и газовых скважин / |
| Statement of responsibility, etc. |
Г.Х. Варшаломидзе, Ред. Ц. Мирцхулава. |
| 264 ## - PRODUCTION, PUBLICATION, DISTRIBUTION, MANUFACTURE, AND COPYRIGHT NOTICE |
| Place of production, publication, distribution, manufacture |
Батуми : |
| Name of producer, publisher, distributor, manufacturer |
Аджара, |
| Date of production, publication, distribution, manufacture, or copyright notice |
2003. |
| 300 ## - PHYSICAL DESCRIPTION |
| Extent |
438 стр.: |
| Other physical details |
24 см. |
| 653 ## - INDEX TERM--UNCONTROLLED |
| keyword |
Проблемы механики бурения нефтяных и газовых скважин |
| 653 ## - INDEX TERM--UNCONTROLLED |
| keyword |
ინჟინერია |
| 653 ## - INDEX TERM--UNCONTROLLED |
| keyword |
პრობლემა საბურღი ნავთობისა და გაზის ჭაბურღილების. |
| 700 ## - ADDED ENTRY--PERSONAL NAME |
| Personal name |
Мирцхулава, Ц |
| Relator term |
რედაქტორი |
| 9 (RLIN) |
15676 |
| 942 ## - ADDED ENTRY ELEMENTS (KOHA) |
| Koha item type |
წიგნი |
| Source of classification or shelving scheme |
|